Pediatric ophthalmology (Record no. 32337)

MARC details
000 -LEADER
fixed length control field 00677nam a2200181 a 4500
008 - FIXED-LENGTH DATA ELEMENTS--GENERAL INFORMATION
fixed length control field 111007s1984 ||||||||||||||||| || u
020 ## - INTERNATIONAL STANDARD BOOK NUMBER
International Standard Book Number 0721611915
050 ## - LIBRARY OF CONGRESS CALL NUMBER
Classification number RE 48.2.C5 Nel.
100 ## - MAIN ENTRY--PERSONAL NAME
Personal name Nelson, Leonard B
245 10 - TITLE STATEMENT
Title Pediatric ophthalmology
260 ## - PUBLICATION, DISTRIBUTION, ETC.
Place of publication, distribution, etc. Philadelphia:
Name of publisher, distributor, etc. W. B. Saunders Company
Date of publication, distribution, etc. 1984
300 ## - PHYSICAL DESCRIPTION
Extent xiv, 268p. : ill.
350 ## -
-- 0.00
650 ## - SUBJECT ADDED ENTRY--TOPICAL TERM
Topical term or geographic name entry element PAEDIATRICS
650 ## - SUBJECT ADDED ENTRY--TOPICAL TERM
Topical term or geographic name entry element EYE DISEASE--IN INFANCY AND CHILDHOOD
650 ## - SUBJECT ADDED ENTRY--TOPICAL TERM
Topical term or geographic name entry element PEDIATRIC OPHTHALMOLOGY
995 ## -
-- MEDICAL LIBRARY OPEN ACCESS
-- 0.00
-- 901299
-- CBU-SCHOOL OF MEDICINE LIBRARY (Ndola)
-- 1
-- 0.00
-- RE 48.2.C5 NEL.
-- 1
-- AVAILABLE
-- Oct 7, 2011
-- 901299
-- Medical Library Open Access Collection
999 ## -
-- 32337
-- 32337
Holdings
Withdrawn status Lost status Source of classification or shelving scheme Damaged status Not for loan Permanent Location Current Location Shelving location Date acquired Total Checkouts Full call number Barcode Date last seen Price effective from Koha item type
          CBU-SCHOOL OF MEDICINE LIBRARY, NDOLA. CBU-SCHOOL OF MEDICINE LIBRARY, NDOLA.   11/30/2022   RE 48.2.C5 Nel. 901299 11/30/2022 11/30/2022 MONOGRAPH